| 000 | 00486nam a2200193Ia 4500 | ||
|---|---|---|---|
| 003 | GCL | ||
| 008 | 140319s9999 xx 000 0 eng d | ||
| 040 |
_aGCL / _cGCL |
||
| 082 | 0 | 4 |
_a956.95 _bV J |
| 100 | 1 | _aVINE, PETER | |
| 245 | 1 | 0 |
_aJEWELS OF THE KINGDOOM: THE HERITAGE OF JORDAN / _cVINE, PETER |
| 260 |
_a[S.N] : _bIMMEL PUBLISHING ، _c1987 |
||
| 300 | _a159 P | ||
| 650 | 0 | 4 | _aHISTORY |
| 650 | 0 | 4 | _aART |
| 650 | 0 | 4 | _aJORDAN |
| 650 | 0 | 4 | _aACKNOWLEDGEMENTS |
| 942 |
_2ddc _cBK |
||
| 999 |
_c25626 _d25626 |
||